The Masonry of the Bible; (Record no. 13032)

MARC details
000 -LEADER
fixed length control field 00636nam a22001571 4500
001 - CONTROL NUMBER
control field c 98000056
003 - CONTROL NUMBER IDENTIFIER
control field DLC
005 - DATE AND TIME OF LATEST TRANSACTION
control field 20260227111037.0
008 - FIXED-LENGTH DATA ELEMENTS--GENERAL INFORMATION
fixed length control field 810115s1898 kyuc 00010 eng
010 ## - LIBRARY OF CONGRESS CONTROL NUMBER
LC control number c 98000056
050 0# - LIBRARY OF CONGRESS CALL NUMBER
Classification number HS425
Item number .H8
100 10 - MAIN ENTRY--PERSONAL NAME
Personal name Hurd, Edward Franklin.
245 14 - TITLE STATEMENT
Title The Masonry of the Bible;
Remainder of title a ... treatise on, and exposition of, the principles of ancient craft masonry, as they appear in the literal reading of the great light of masonry, which is in the Holy Bible.
Statement of responsibility, etc. With a personal introduction by ... R. R. Russell.
260 0# - PUBLICATION, DISTRIBUTION, ETC.
Place of publication, distribution, etc. Louisville, Ky.
Name of publisher, distributor, etc. C. T. Dearing,
Date of publication, distribution, etc. 1898.
300 ## - PHYSICAL DESCRIPTION
Extent 281 p.
Other physical details port.
Dimensions 8⁰.

No items available.

Powered by Koha